Trong rừng nho ; Tắt đèn ; Lều chõng : Tiểu thuyết /

Bewaard in:
Bibliografische gegevens
Hoofdauteur: Ngô Tất Tố
Formaat: Sách giấy
Taal:Vietnamese
Gepubliceerd in: H. : Văn học, 1997
Onderwerpen:
Tags: Voeg label toe
Geen labels, Wees de eerste die dit record labelt!
Thư viện lưu trữ: Thư viện Trường Đại học Đà Lạt
LEADER 00683nam a2200265 4500
001 DLU020010614
005 ##19991129
041 # # |a vie 
082 # # |a 895.922 3  |b NG-T 
100 # # |a Ngô Tất Tố 
245 # # |a Trong rừng nho ; Tắt đèn ; Lều chõng :  |b Tiểu thuyết /  |c Ngô Tất Tố 
260 # # |a H. :  |b Văn học,  |c 1997 
300 # # |a 806 tr.;   |c 19 cm. 
653 # # |a Tiểu thuyết 
653 # # |a Tuyển tập văn học 
653 # # |a Văn học hiện thực phê phán 
992 # # |a 63000 
994 # # |a DLU 
900 # # |a False 
911 # # |a Administrator 
925 # # |a G 
926 # # |a A 
927 # # |a SH 
980 # # |a Thư viện Trường Đại học Đà Lạt